Statistics for Flags of Separatist Movements in Africa

Click here to take the quiz!

General Stats

  • This quiz has been taken 12 times
    (5 since last reset)
  • The average score is 16 of 46

Answer Stats

Answer% Correct
Biafra
100%
Tigray
100%
Anjouan
67%
Azawad
67%
Cabinda
67%
Cape Republic
67%
Darfur
67%
Katanga
67%
Kivu
67%
Reunion
67%
Somaliland
67%
South Congo
67%
Western Sahara
67%
Zanzibar
67%
Ambazonia
33%
Bakassi
33%
Barotseland
33%
Bas-Congo
33%
Bioko
33%
Canary Islands
33%
Caprivi
33%
Kabylia
33%
Logone
33%
Mayotte
33%
Mombasa
33%
Niger Delta
33%
Ogaden
33%
Oromia
33%
Rif
33%
Volkstaat
33%
Western Togoland
33%
Afar
0%
Annobon
0%
Beja
0%
Buganda
0%
Casamance
0%
Dankalia
0%
Gambela
0%
Lunda-Tchokwe
0%
Mthwakazi
0%
Rodrigues
0%
Rwenzururu
0%
Sidama
0%
Toubouland
0%
Yoruba
0%
Zambesia
0%

Score Distribution

Percentile by Number Answered

Percent of People with Each Score

Your Score History

You have not taken this quiz since the last reset